| 000 | 00761nam a2200229Ia 4500 | ||
|---|---|---|---|
| 001 | 10004 | ||
| 003 | GE_BSU | ||
| 008 | 181216s||||||||xx |||||||||||||| ||und|| | ||
| 040 | _cGE_BSU | ||
| 080 | _a821.353.1–1 | ||
| 100 | _aორჯონიკიძე,იზა | ||
| 245 | _aწვიმის მოსვლამდე | ||
| 245 | _bლექსები | ||
| 245 | _cრედ.ც.ქაროსანიძე,მხატვ.ა.თოდრია | ||
| 260 | _aთბილისი | ||
| 260 | _bსაბჭოთა საქართველო | ||
| 260 | _c1974 | ||
| 300 | _a187გვ.1ფ.პორტრ.17სმ. | ||
| 653 | _aლექსები | ||
| 653 | _aწვიმის მოსვლამდე | ||
| 942 | _cBK | ||
| 999 |
_c43277 _d43277 |
||